| 000 | 00401nam a2200145Ia 4500 | ||
|---|---|---|---|
| 005 | 20240619014751.0 | ||
| 008 | 240331s9999 xx 000 0 und d | ||
| 082 |
_bGAN _a891.48 |
||
| 100 | _aGanesalingam, S | ||
| 245 | 0 |
_aPenniya parvayil thirukkural _cS. Ganeshalingan |
|
| 260 |
_aChennai _bKumaran Publishers _c2000 |
||
| 300 | _a156 p ., | ||
| 500 | _aFeminist approach to thirukkural | ||
| 942 | _cL | ||
| 999 |
_c3879 _d3879 |
||